[Event "Teplice Open 2018"]
[Site "Teplice"]
[Date "2018.06.20"]
[Round "5"]
[White "Dastan, Muhammed Batuhan"]
[Black "Jarmula, Lukasz"]
[Result "1/2-1/2"]
[WhiteElo "2538"]
[BlackElo "2499"]
[Annotator "TA"]
[PlyCount "228"]
[EventDate "2018.06.16"]
[EventType "swiss"]
[EventCountry "CZE"]
[SourceTitle "playchess.com"]
[Source "ChessBase"]
[SourceQuality "1"]

{[%evp 13,228,0,22,18,24,16,41,32,21,42,28,23,39,29,30,32,18,40,33,54,178,177,173,189,181,177,169,164,293,270,387,91,88,87,118,116,121,82,159,154,158,155,159,150,154,162,155,108,108,108,111,111,118,110,112,61,64,2,4,1,3,0,0,0,51,51,50,50,50,51,51,50,52,49,49,47,48,41,48,46,56,29,26,26,37,27,28,26,32,0,28,28,28,28,28,17,27,25,47,22,27,28,49,49,55,55,49,49,49,19,56,56,56,49,49,25,31,33,56,56,56,56,56,56,56,56,56,56,56,56,56,56,56,49,56,0,56,48,56,0,0,0,56,56,56,0,0,0,0,0,0,0,0,0,0,0,0,0,0,0,0,0,0,0,0,0,0,0,0,0,0,0,0,0,0,0,0,0,0,0,0,0,0,0,8,0,0,0,0,0,0,0,0,0,0,0,0,0,0,0,0,0,0,0,0,0,0,0,0,0,0,0,0,0,0,0,0]} 1. Nf3 d5 2. g3 c6 3. Bg2 Bg4 4. O-O Nd7 5. d3 e6 6. c4 Bd6 7. cxd5 {A11: English Opening: 1...c6} (7. Qb3 Qb6 8. Be3 Qxb3 9. axb3 a6 10. h3 Bxf3 11. Bxf3 Ne7 12. Bd2 Nc5 13. Ra3 e5 14. b4 Ne6 {0-1 (60) Wang,H (2710)-Ivanchuk,V (2704) Beijing 2014}) 7... cxd5 {LiveBook: 14 Games} 8. Qb3 $146 ({Predecessor:} 8. Nc3 Ngf6 9. e4 d4 10. Nb5 Bc5 11. Qb3 Bxf3 12. Bxf3 a6 13. Na3 b5 14. Bd2 O-O {0-1 (62) Ehlvest,J (2591)-Stripunsky,A (2570) Saint Louis 2010}) 8... Nc5 9. Qb5+ {White has an edge.} Kf8 10. d4 a6 11. Qb4 Nd3 12. Qxb7 Bxf3 $1 13. Bxf3 Nb4 $1 14. Bf4 Rb8 $1 {[%cal Rb8b7]} 15. Bxd6+ $1 Qxd6 16. Qa7 $40 {[%mdl 128] White has some attack.} Nc2 (16... Ne7 $14 17. Rc1 Nec6) 17. Rc1 $1 $18 {[%cal Rc1c2]} ({Don't go for} 17. Bh5 $2 g6 $19) 17... Rxb2 18. Nd2 g6 19. Rab1 Rxb1 20. Rxb1 Kg7 (20... Nb4 $142 21. e4 Nc6 22. Qxa6 Nge7) 21. Rb6 $1 {[%cal Rb6d6]} Qa3 {[#]} (21... Qd8 {was worth a try.} 22. Rxe6 (22. Rxa6 Ne7 $16) 22... Qa5) 22. Rxe6 $2 (22. Qc7 $1 $18 {and the rest is easy.}) 22... Qc3 $16 {[#]} 23. Nf1 $1 Nxd4 24. Re3 Qc4 25. Rd3 Nxf3+ (25... Nc6 $142 26. Qc7 Nge7) 26. Rxf3 Nh6 27. Ne3 Qe4 28. Qxa6 Rb8 29. Qf6+ Kg8 {intending ...d4.} 30. Qf4 Qxf4 31. Rxf4 {[%mdl 4096] Endgame KRN-KRN} Rb2 32. a4 Rxe2 33. Kf1 Ra2 34. Ke1 (34. Nxd5 $16 f5 35. h3) 34... f5 $14 35. h3 (35. Kd1 $14) 35... Nf7 $1 $11 36. Nxd5 Ne5 {White must now prevent ...Nd3+.} 37. Kd1 Nd3 $1 {[%csl LRf2,LRf4]} 38. Rd4 Nb2+ (38... Nxf2+ $11 39. Kc1 Ne4) 39. Kc2 $14 {Strongly threatening Nc3.} Nxa4+ 40. Kb3 Rxf2 41. Rxa4 {aiming for Rf4. KRN-KR} Rf3+ 42. Kc4 {Hoping for Ra7.} Kg7 43. Ra7+ Kh6 44. Nf6 {h4 is the strong threat.} Rxg3 45. Rxh7+ Kg5 46. Nd5 Rg1 47. Nc3 Rf1 48. Ne2 Rd1 49. Kc3 Rd6 50. Kc2 Rd8 51. Kc3 Rd6 52. Rh8 Rd1 53. Nd4 Kf4 54. Rh6 Kg5 55. Rh7 Kf4 56. h4 Kg4 57. Rg7 Kxh4 58. Rxg6 f4 59. Rg8 Kh5 60. Kc4 Kh4 61. Nf3+ Kh5 62. Rg5+ Kh6 63. Rg2 Rf1 64. Nd2 Ra1 65. Kd4 Ra4+ 66. Ke5 Ra5+ 67. Kxf4 Ra2 68. Ke3 Ra3+ 69. Kd4 Ra2 70. Kc3 Kh7 71. Rg1 Ra6 72. Ne4 Rg6 73. Rh1+ Kg7 74. Kd4 (74. Rf1 $14) 74... Rg2 (74... Kf8 $11) 75. Ke5 Ra2 76. Rg1+ (76. Rf1 $14) 76... Kf7 $1 $11 77. Nd6+ Kf8 (77... Ke7 $11) 78. Kf6 $14 Rf2+ 79. Nf5 (79. Ke6 $1 $14) 79... Ke8 $1 $11 {The position is equal.} 80. Rg7 (80. Kg6 {keeps more tension.} Rh2 81. Kf6 Rf2) 80... Kd8 81. Ra7 Kc8 82. Ke6 Re2+ 83. Kd5 Rd2+ 84. Nd4 Kd8 85. Rh7 Rd1 86. Ke5 Kc8 87. Ne6 Kb8 88. Nf4 Kc8 89. Nd5 Kb8 90. Kd6 Rd2 91. Rh3 Rb2 92. Kc6 Rc2+ 93. Nc3 Ka7 94. Kb5 Kb7 95. Rh7+ Kc8 96. Kc4 Kd8 97. Kd4 Rd2+ 98. Ke5 Rd7 99. Rh8+ Kc7 100. Nd5+ Kb7 101. Kd4 Kc6 102. Rc8+ Kb7 103. Rc4 Rd8 104. Rc7+ Kb8 105. Rh7 Rg8 106. Kc5 Rg1 107. Nc7 (107. Nc3 {is interesting.} Rc1 108. Kc4 Ra1 109. Rh5 Rc1 110. Kb3) 107... Rg5+ 108. Kd6 Rg6+ 109. Ne6 Kc8 110. Re7 {Threatens to win with Kc6.} Rg1 111. Rh7 Rd1+ 112. Kc6 {Intending Rh8+ and mate.} Rc1+ 113. Nc5 {[%cal Rh7h8]} Kd8 114. Rg7 Rc2 {Precision: White = 60%, Black = 76%.} 1/2-1/2

[Event "Teplice Open 2018"]
[Site "Teplice"]
[Date "2018.06.20"]
[Round "5"]
[White "Krysa, Leandro"]
[Black "Admiraal, Miguoel"]
[Result "1/2-1/2"]
[WhiteElo "2529"]
[BlackElo "2465"]
[Annotator "TA"]
[PlyCount "61"]
[EventDate "2018.06.16"]
[EventType "swiss"]
[EventCountry "CZE"]
[SourceTitle "playchess.com"]
[Source "ChessBase"]
[SourceQuality "1"]

{[%evp 12,61,22,31,55,57,45,34,38,27,33,22,20,13,21,0,0,0,10,-23,-13,-38,-43,-66,-27,-33,-33,-37,-35,-32,-28,-30,-11,-18,-18,-18,-11,-22,-23,-18,0,-2,0,-45,-26,-39,-40,-32,-38,-33,-37,-6]} 1. d4 d5 2. c4 c6 3. Nf3 Nf6 4. Nc3 e6 5. Bg5 Nbd7 6. e3 h6 7. Bh4 g5 {D51: Damengambit (Cambridge-Springs-Variante und Abweichungen)} 8. Bg3 Nh5 9. Bd3 Nxg3 {Weiß steht etwas besser.} 10. hxg3 Bg7 11. cxd5 exd5 12. Qc2 Qe7 13. O-O-O Nb6 14. Kb1 Be6 15. Ne5 {[#]} O-O-O $146 16. f4 Kb8 17. e4 c5 (17... dxe4 {feels hotter.} 18. Bxe4 Nc4 19. Qe2 Nd6 20. Bc2 Rhe8) 18. dxc5 Qxc5 19. Nxd5 Qxc2+ 20. Bxc2 Nxd5 21. exd5 Rxd5 22. Rxd5 Bxd5 23. Rd1 Bxg2 {Schwarz will ...gxf4 spielen.} 24. Nxf7 Rf8 25. Ne5 {[#] Und Sd7+ würde nun gewinnen.} Re8 26. Re1 {Droht stark Sd7+.} Kc7 27. a3 Bc6 28. Bg6 Re7 {Schwarz steht etwas besser.} 29. Bh5 gxf4 30. gxf4 Bxe5 31. fxe5 {Precision: Weiß = 50%, Schwarz = 63%.} 1/2-1/2

[Event "Teplice Open 2018"]
[Site "Teplice"]
[Date "2018.06.20"]
[Round "5"]
[White "Thybo, Jesper Sondergaard"]
[Black "Movsesian, Sergei"]
[Result "0-1"]
[WhiteElo "2502"]
[BlackElo "2633"]
[Annotator "TA"]
[PlyCount "112"]
[EventDate "2018.06.16"]
[EventType "swiss"]
[EventCountry "CZE"]
[SourceTitle "playchess.com"]
[Source "ChessBase"]
[SourceQuality "1"]

{[%evp 20,112,18,16,25,25,25,25,25,25,24,23,23,20,23,24,33,11,10,0,0,0,0,0,0,2,8,0,0,0,0,0,4,-66,-68,-77,-43,-41,-39,-28,-53,-77,-83,-127,-102,-171,-164,-182,-168,-171,-170,-194,-178,-222,-186,-291,-300,-381,-358,-420,-391,-412,-384,-366,-337,-349,-338,-358,-346,-420,-414,-488,-474,-705,-705,-718,-483,-570,-497,-496,-479,-723,-685,-1044,-1005,-1266,-1211,-1372,-1322,-1236,-1182,-922,-1030,-901,-898]} 1. d4 Nf6 2. c4 e6 3. Nf3 d5 4. Nc3 Bb4 5. Qb3 c5 6. dxc5 Na6 {D38: Queen's Gambit Declined: Ragozin Defence (4 Nf3 Bb4)} (6... Qa5 7. Bd2 dxc4 8. Qxc4 Qxc5 9. Qxc5 Bxc5 10. Rc1 O-O 11. e3 Nc6 12. Be2 Bd7 13. O-O Rfd8 14. Rfd1 {½-½ (41) Wang,H (2709)-Mamedyarov,S (2799) Huaian 2017}) 7. a3 Bxc3+ 8. Qxc3 Nxc5 9. cxd5 Qxd5 10. Be3 Nce4 11. Qe5 {LiveBook: 19 Games} Qxe5 12. Nxe5 Nd5 13. Bc1 Bd7 14. f3 {[#]} Nc5 $146 15. e4 Nb3 16. Rb1 Nb6 17. Be3 Rc8 18. Nxd7 Kxd7 19. Be2 Ke7 20. O-O Rhd8 21. Rfd1 Rxd1+ 22. Bxd1 Nc4 23. Bg5+ ({Reject} 23. Bxa7 Ncd2 $17) 23... f6 24. Bxb3 {Rc1 is the strong threat.} fxg5 $11 {[%mdl 4096] Endgame KRB-KRN} 25. Rc1 b5 26. Bxc4 (26. a4 $11) 26... Rxc4 {KR-KR} 27. Rf1 {[#]} g4 $1 {[%mdl 512]} 28. fxg4 Rxe4 29. h3 a5 {[%cal Ba7a5,Ba5a4][%mdl 32]} 30. Rf2 a4 31. Rd2 {[#]} Re3 $1 32. Kf2 (32. Kh2 $17 {was necessary.}) 32... Rb3 $19 33. Ke2 e5 34. Kd1 Ke6 35. Kc2 Rg3 36. Rf2 g6 37. Re2 (37. g5 $142) 37... Kd5 38. Kd2 Kd4 39. Kc2 e4 40. Rf2 Ke5 41. Kd1 Kd5 42. Rc2 Kd4 43. Ke1 Rb3 44. Ke2 Ke5 45. Ke1 Kf4 {Black is clearly winning.} 46. Rf2+ (46. g5 $142 Kxg5 47. Kd1) 46... Kg3 47. Re2 e3 48. Rc2 g5 49. Kf1 h6 50. Ke1 (50. Re2 $142 Rd3 51. Re1) 50... Rd3 51. Rc5 Rd2 52. Rxb5 Rxg2 53. Re5 Kxh3 54. Rxe3+ Kxg4 55. Re4+ Kf3 56. Rxa4 Rxb2 {Precision: White = 32%, Black = 93%.} 0-1

[Event "Teplice Open 2018"]
[Site "Teplice"]
[Date "2018.06.20"]
[Round "5"]
[White "Zanan, Evgeny"]
[Black "Rodshtein, Maxim"]
[Result "1/2-1/2"]
[WhiteElo "2497"]
[BlackElo "2688"]
[Annotator "TA"]
[PlyCount "171"]
[EventDate "2018.06.16"]
[EventType "swiss"]
[EventCountry "CZE"]
[SourceTitle "playchess.com"]
[Source "ChessBase"]
[SourceQuality "1"]

{[%evp 23,171,33,41,30,27,16,24,-8,0,0,14,12,14,-23,-14,-16,-19,-37,-31,-42,-8,-19,-13,-36,-14,-2,0,0,23,16,36,35,58,58,55,50,54,54,60,36,41,0,38,0,14,13,16,-20,-22,-18,-15,-19,-15,-15,-15,-15,-15,-16,-16,-15,-7,-15,-15,-15,-15,-15,-16,-16,-16,-16,-14,-15,-13,-16,-11,-31,-31,-31,-18,-18,-18,-18,-8,-11,-10,-18,-8,-18,-18,-18,-18,-18,-18,-18,-18,-18,-18,-18,-8,-18,-8,-18,-18,-18,-18,-18,-18,-20,-20,-20,-20,-20,-18,-25,-20,-25,-18,-18,-18,-18,-18,-18,-8,-8,-8,-8,-8,-8,-8,-8,-8,-8,-8,-8,0,0,0,0,0,0,0,0,0,0,0,0,0,0,0,0]} 1. d4 Nf6 2. c4 e6 3. Nc3 Bb4 4. Qc2 c5 5. dxc5 O-O 6. Nf3 Bxc5 7. Bg5 h6 8. Bh4 Be7 {E32: Nimzo-Indian: Classical (4 Qc2): 4...0-0} 9. e3 b6 10. Be2 Bb7 11. O-O (11. Rd1 Na6 12. O-O Nc5 13. Rd4 Nh5 14. Bxe7 Qxe7 15. b4 Na6 16. a3 {1-0 (35) Nyzhnyk,I (2622)-Ortiz Suarez,I (2578) Philadelphia 2016}) 11... d6 12. Rfd1 a6 {LiveBook: 4 Games} 13. Nd2 Qc7 14. Rac1 Rd8 $146 ({Predecessor:} 14... Nbd7 15. Nde4 Rfc8 16. Bg3 Nxe4 17. Nxe4 Ne5 18. f4 Nxc4 19. Bxc4 d5 20. Bb3 Qb8 21. Nc3 {1-0 (21) Leitao,R (2515)-Giardelli,S (2430) Sao Paulo 1997}) 15. Bf1 Nbd7 (15... g5 $5 16. Bg3 $8 Nc6 $11) 16. Nde4 Rac8 17. Nxf6+ Nxf6 18. Qb3 g5 19. Bg3 Nh5 20. Be2 Nxg3 21. hxg3 Bf8 22. Qc2 Bg7 23. Qd2 (23. Bd3 {feels hotter.} f5 24. e4 Qc6 25. Qe2 Be5 26. f4) 23... Qb8 24. b3 Bc6 25. Bf3 Be8 26. a4 Qc7 {Threatening ...d5!} 27. Ne2 Bc6 28. Nd4 Be8 29. g4 Qb8 30. g3 Rc7 31. Qb4 Rc5 32. Qd2 Rdc8 33. Ne2 Be5 34. Bg2 b5 35. axb5 (35. cxb5 {keeps more tension.} axb5 36. a5 b4 37. a6 d5 38. Qa2) 35... axb5 36. f4 Bf6 {[%cal Rb5c4]} 37. Qxd6 Qxd6 38. Rxd6 bxc4 39. bxc4 Rxc4 40. Rxc4 Rxc4 41. Rd2 Ra4 42. Rc2 {[#] Black must now prevent Rc8.} Bb5 43. Bc6 Ra1+ 44. Kf2 Bd3 45. Rd2 Ba6 46. Nd4 Rf1+ 47. Kg2 Rc1 {[#] Threatens to win with ...Bxd4.} 48. Bf3 Rc3 49. Kf2 gxf4 50. exf4 Be7 51. Be2 Bc8 52. Kg2 Bc5 53. Bf3 Kg7 54. Nb5 Rc1 55. Nd4 (55. Kh3 {feels hotter.} Rb1 56. Bc6 Be7 57. Ra2 Rc1 58. Ra7) 55... Bb6 56. Rc2 Rxc2+ 57. Nxc2 $11 {[%mdl 4096] Endgame KBB-KBN} Kf6 58. Be4 Ke7 59. Nb4 Kd6 60. Nd3 Bd4 61. Kf3 Bd7 62. Ne1 Bc3 63. Nd3 Ba4 64. Ke2 f6 65. Bf3 Bb5 66. Be4 Bd4 67. Kf3 Bc4 68. Kg2 Bb6 69. Ne1 Kc5 70. Nf3 {The position is equal.} Bd8 71. Kf2 Ba6 72. Ke3 Bb6 {next ...Kd6+ is good for Black.} 73. Bd3 Bc8 74. g5 Kd6+ 75. Ke2 hxg5 76. fxg5 f5 77. g6 Ke7 $1 78. g4 Kf6 79. gxf5 exf5 80. Nh4 f4 81. Kf3 Bc7 82. Ng2 Bb7+ 83. Be4 Bxe4+ 84. Kxe4 Kxg6 85. Nxf4+ Bxf4 86. Kxf4 {Precision: White = 70%, Black = 52%.} 1/2-1/2

[Event "Teplice Open 2018"]
[Site "Teplice"]
[Date "2018.06.20"]
[Round "5"]
[White "Grinberg, Eyal"]
[Black "Horak, Jiri"]
[Result "1-0"]
[WhiteElo "2472"]
[BlackElo "2131"]
[Annotator "TA"]
[PlyCount "117"]
[EventDate "2018.06.16"]
[EventType "swiss"]
[EventCountry "CZE"]
[SourceTitle "playchess.com"]
[Source "ChessBase"]
[SourceQuality "1"]

{[%evp 13,117,12,17,18,14,-3,21,25,47,14,51,53,32,34,64,50,98,98,100,100,100,102,102,103,107,112,107,110,106,108,111,111,116,87,125,127,143,139,144,152,185,140,139,133,172,175,171,164,160,118,166,59,47,76,98,107,139,146,145,133,138,129,186,205,260,256,243,248,258,258,355,445,427,415,419,386,497,438,814,783,678,313,328,313,29970,29973,29974,29975,29990,29991,29995,29996,29999,29977,29981,29980,29981,29982,29982,29983,29988,29989,29989,29990,29996,29997]} 1. e4 e5 2. Nf3 Nf6 3. Nxe5 d6 4. Nf3 Nxe4 5. Nc3 Nxc3 6. dxc3 Be7 7. Be3 Nd7 8. Qd2 {C42: Russische Verteidigung (Petrow)} O-O 9. O-O-O Nf6 (9... c6 10. Kb1 d5 11. c4 Nb6 12. cxd5 Nxd5 13. Bc4 Bf5 14. Bxd5 cxd5 15. Qxd5 Qc8 {0-1 (39) Robson,R (2660)-Caruana,F (2804) Saint Louis 2018}) 10. Bd3 {Die Stellung ist ausgeglichen.} Be6 11. Kb1 Qd7 12. Ng5 $146 {[%cal Bf3g5,Bg5h3,Bh3f4][%mdl 32]} ({Vorgänger:} 12. h4 a5 13. h5 b5 14. Bh6 gxh6 15. Qxh6 {0-1 (26) Bohn,D (1352)-Walther,J (1888) Rotenburg/Wuemme 2007}) 12... Bf5 13. f3 c5 14. h4 d5 15. Bxf5 Qxf5 16. g4 {[%cal Bg2g4,Bg4g5][%mdl 32]} Qd7 17. Nh3 Rfd8 18. Nf4 Qc6 19. g5 d4 20. cxd4 Nd5 21. Nxd5 Qxd5 22. Qe2 c4 23. Bc1 Bd6 24. Qe4 Qb5 25. h5 Re8 26. Qg4 g6 27. Rde1 Rxe1 28. Rxe1 gxh5 29. Qxh5 Qf5 30. f4 b5 31. Qf3 Rd8 32. Qe4 (32. Qc6 $18) 32... Qxe4 $14 33. Rxe4 {[%mdl 4096] Endspiel KTL-KTL} Kg7 34. f5 f6 35. Re6 fxg5 36. Bxg5 Rd7 37. c3 a5 (37... Bg3 $16 {ist eine bessere Verteidigung.} 38. Kc2 Rd5) 38. Kc2 $18 b4 39. b3 cxb3+ 40. Kxb3 ({Jedoch nicht} 40. axb3 bxc3 41. Kxc3 Bg3) 40... bxc3 41. Kxc3 Bb4+ 42. Kd3 Kf7 43. Bf4 Bf8 44. Ke4 a4 45. Rb6 h5 (45... Be7 $142 46. Rh6 Kg8) 46. d5 h4 47. d6 (47. Be5 $142 Bg7 48. f6) 47... h3 48. Rc6 a3 $2 {[#]} (48... Kf6 $18 49. Rc7 Rxd6 50. Bxd6 Bxd6) 49. Rc7 {Weiß setzt Matt.} Ke8 50. Kd5 Bh6 51. Bxh6 {KTL-KT} h2 52. Rc8+ Kf7 53. Rc1 Rb7 54. Bf4 Rb2 55. Rh1 Rf2 56. Bxh2 Rxf5+ 57. Be5 Rf2 58. Rh7+ Ke8 59. Ke6 {Precision: Weiß = 70%, Schwarz = 37%.} 1-0

[Event "Teplice Open 2018"]
[Site "Teplice"]
[Date "2018.06.20"]
[Round "5"]
[White "Iniyan, P."]
[Black "Sprenar, Petr"]
[Result "1-0"]
[WhiteElo "2460"]
[BlackElo "2118"]
[Annotator "TA"]
[PlyCount "73"]
[EventDate "2018.06.16"]
[EventType "swiss"]
[EventCountry "CZE"]
[SourceTitle "playchess.com"]
[Source "ChessBase"]
[SourceQuality "1"]

{[%evp 9,73,24,24,24,24,27,24,11,25,8,20,0,63,67,57,28,69,50,47,29,26,22,37,37,38,37,43,41,45,41,80,90,109,75,135,87,113,86,153,168,167,158,223,233,221,229,223,229,240,227,274,293,282,298,359,256,248,254,239,245,226,224,259,256,264,250]} 1. d4 e6 2. Nf3 f5 3. d5 Bd6 4. Nc3 (4. dxe6 dxe6 5. e4 fxe4 6. Ng5 Nf6 7. Nc3 O-O 8. Bc4 Qe7 9. Ngxe4 Nbd7 10. Nxd6 cxd6 11. O-O d5 12. Bb3 {½-½ (12) Molnar,P (2367)-Tibensky,R (2396) Slovakia 2013}) 4... Nf6 5. Nb5 Nxd5 6. Nxd6+ {A80: Dutch Defence: Unusual White second moves} cxd6 7. c4 Nf6 $1 8. Qxd6 {White has an edge.} Ne4 9. Qa3 Nc6 $146 (9... d6 {is interesting.} 10. Nd2 Nf6 11. e3 a5 12. Be2 O-O) ({Predecessor:} 9... d6 10. Nd2 Nf6 11. g3 O-O {0-1 (41) Makeev,A (1941)-Blom,E (2117) Chessfriend.com 2004}) 10. e3 (10. Nd2 {is more complex.} Nf6 11. b4 O-O 12. e3 b6 13. Be2) 10... Qe7 (10... e5 $11) 11. Qxe7+ $1 $14 Kxe7 12. b3 b6 13. Ba3+ d6 14. Rd1 a5 15. Nd4 Bb7 16. f3 $36 {[%mdl 2048] White is more active.} Nc5 17. Kf2 Rhd8 18. Be2 Rd7 19. h4 Na6 20. Bb2 Rg8 21. Nb5 a4 (21... Nc5 $142) 22. Rd2 axb3 23. axb3 e5 (23... Nc5 $142) 24. Rhd1 $16 {[%cal Rb5d6]} Rgd8 25. Nc3 {Strongly threatening Nd5+.} Na5 {[#]} (25... Na7 $16 {is a better defense.} 26. f4 g6) 26. b4 $1 $18 {[%cal Rb4a5]} Nxb4 27. Ba3 Na6 28. Rb2 Nc5 29. Rxb6 e4 {[#]} 30. Rdxd6 $3 {[%mdl 512]} Rxd6 31. Bxc5 Bc6 32. Nb5 Bxb5 33. Rxb5 ({Resist} 33. Rxd6 $6 Rxd6 34. cxb5 Nb7) 33... Nc6 34. Bxd6+ Rxd6 35. Rxf5 exf3 36. Bxf3 Nd8 37. Bd5 {Precision: White = 61%, Black = 48%.} 1-0

[Event "Teplice Open 2018"]
[Site "Teplice"]
[Date "2018.06.20"]
[Round "5"]
[White "Menezes, Christoph"]
[Black "Vorobiov, Evgeny E"]
[Result "1/2-1/2"]
[WhiteElo "2404"]
[BlackElo "2553"]
[Annotator "TA"]
[PlyCount "45"]
[EventDate "2018.06.16"]
[EventType "swiss"]
[EventCountry "CZE"]
[SourceTitle "playchess.com"]
[Source "ChessBase"]
[SourceQuality "1"]

{[%evp 30,45,7,0,7,7,7,3,10,0,5,0,6,0,0,0,6,-16]} 1. d4 d5 2. c4 dxc4 3. Nf3 a6 4. e3 Bg4 5. Bxc4 e6 6. Nc3 Nc6 7. O-O Nf6 8. b3 Bd6 9. Bb2 O-O 10. Be2 Qe7 11. h3 Bh5 12. Ne5 Bxe2 {D22: Queen's Gambit Accepted: 3 Nf3 a6 4 e3} 13. Nxc6 Bxd1 (13... Qe8 14. Qxe2 Qxc6 15. Rac1 Ne4 16. Rfd1 Nxc3 17. Rxc3 Qb5 18. Rc2 f5 19. e4 fxe4 20. Qxe4 {½-½ (53) Sundararajan,K (2442)-Sasikiran,K (2658) Barcelona 2016}) 14. Nxe7+ Bxe7 15. Rfxd1 Rfd8 16. Rac1 {LiveBook: 4 Games. The position is equal.} Rd7 17. Kf1 Nd5 $146 18. Ke2 f6 19. Rc2 Nb4 20. Rcc1 Nd5 21. Rc2 Nb4 22. Rcc1 Nd5 23. Rc2 1/2-1/2

[Event "Teplice Open 2018"]
[Site "Teplice"]
[Date "2018.06.20"]
[Round "5"]
[White "Vlasak, Lukas"]
[Black "Erdos, Viktor"]
[Result "1/2-1/2"]
[WhiteElo "2378"]
[BlackElo "2620"]
[Annotator "TA"]
[PlyCount "66"]
[EventDate "2018.06.16"]
[EventType "swiss"]
[EventCountry "CZE"]
[SourceTitle "playchess.com"]
[Source "ChessBase"]
[SourceQuality "1"]

{[%evp 9,66,-7,14,12,13,32,27,10,17,12,17,18,27,12,9,0,23,29,21,6,6,6,8,7,7,5,25,0,0,-20,-12,-29,-38,-36,-22,-19,-14,-18,-5,-7,-10,-11,0,0,0,0,0,0,44,30,30,30,31,29,37,37,57,39,44]} 1. d4 Nf6 2. Nf3 d5 3. Bf4 c5 4. e3 Nc6 5. Nbd2 (5. c3 e6 6. Nbd2 Bd6 7. dxc5 Bxc5 8. Bd3 h6 9. Qe2 Nh5 10. Bg3 Nxg3 11. hxg3 Bd7 12. e4 dxe4 13. Nxe4 Be7 14. g4 Qc7 15. g5 O-O-O 16. gxh6 gxh6 {½-½ (101) Mamedyarov,S (2809)-Nakamura,H (2787) Moscow 2018}) 5... Nh5 {LiveBook: 6 Games} 6. dxc5 {D02: 1 d4 d5 2 Nf3 sidelines, including 2...Nf6 3 g3 and 2...Nf6 3 Bf4} Nxf4 7. exf4 Qa5 $146 ({Predecessor:} 7... e6 8. c3 Bxc5 9. Nb3 Bd6 10. g3 O-O 11. Bd3 h6 12. O-O a6 {1-0 (36) Menna Barreto,F (2321)-Poeta,C (2125) Sao Paulo 2018}) 8. Be2 {White has an edge.} Qxc5 9. O-O e6 10. c4 Be7 11. cxd5 exd5 12. Nb3 Qd6 13. Qd2 O-O 14. Rfd1 Bf6 15. Nfd4 Nxd4 16. Nxd4 Qb6 17. Bf3 Re8 18. Rac1 Bd7 {[#] And now ...Bxd4 would win.} 19. Nb3 Rad8 20. Re1 Rxe1+ 21. Rxe1 Bb5 22. Nc1 g6 23. Rd1 Rc8 24. Bxd5 Rd8 {[#] Hoping for ...Bc6.} 25. Qc2 Qa5 26. h3 Qb4 27. b3 Qxf4 28. Bxb7 Re8 29. g3 Qb4 30. Bf3 Re1+ 31. Kg2 Rxd1 32. Qxd1 a5 33. Ne2 Kg7 {Precision: White = 68%, Black = 77%.} 1/2-1/2

[Event "Teplice Open 2018"]
[Site "Teplice"]
[Date "2018.06.20"]
[Round "5"]
[White "Sylvan, Jacob"]
[Black "Turov, Maxim"]
[Result "1/2-1/2"]
[WhiteElo "2326"]
[BlackElo "2600"]
[Annotator "TA"]
[PlyCount "67"]
[EventDate "2018.06.16"]
[EventType "swiss"]
[EventCountry "CZE"]
[SourceTitle "playchess.com"]
[Source "ChessBase"]
[SourceQuality "1"]

{[%evp 26,67,7,4,21,13,26,25,58,44,45,15,11,10,38,0,33,29,29,27,43,24,35,0,0,0,0,0,0,0,0,0,0,0,0,0,0,0,0,0,0,0,0,0]} 1. e4 c6 2. d4 d5 3. exd5 cxd5 4. c4 Nf6 {[%cal Bg8f6,Bf6d5,Bd5b4][%mdl 32]} 5. Nc3 Nc6 6. cxd5 Nxd5 7. Nf3 e6 8. Bd3 Bb4 9. Bd2 Be7 10. O-O O-O 11. Re1 Ndb4 {B14: Caro-Kann (Panow-Angriff)} (11... Bf6 12. Nxd5 Qxd5 13. Be4 Qd8 14. Bc3 Ne7 15. Ne5 Nd5 16. Qh5 g6 17. Qf3 Bg7 18. Rad1 a5 19. g3 {½-½ (61) Safarli,E (2691)-Melkumyan,H (2633) London 2016}) 12. Be4 Nxd4 13. Nxd4 Qxd4 14. Qe2 {LiveBook: 7 Partien} Nc6 15. Nb5 $146 ({Vorgänger:} 15. Be3 Qf6 16. Red1 Rd8 17. Rxd8+ Bxd8 18. Rd1 Qe7 19. Qd3 {0-1 (39) Kopinits,A (2276)-Gunina,V (2514) Porto Carras 2011}) 15... Qf6 ({Ein No Go ist} 15... Qxb2 $6 {[#]} 16. Bxh7+ $1 {[%mdl 512]} Kh8 17. Bb1 $3 $16 {[%mdl 512]}) 16. Bc3 Qh6 17. Rad1 $1 Bf6 18. Rd3 Bxc3 $1 19. Rxc3 {Und weiter mit Th3 wäre nett.} e5 20. Rd1 a6 21. Bxc6 bxc6 22. Nd6 Qe6 23. Rxc6 Qxa2 24. Nxc8 Raxc8 {Die Stellung ist ausgeglichen.} 25. Rxc8 Rxc8 26. Qxe5 $14 {[%mdl 4096] Endspiel KDT-KDT} Qb3 27. Ra1 g6 28. h3 Qb6 29. Rd1 Rc2 30. Qe8+ Kg7 31. Qe5+ Qf6 32. Qxf6+ Kxf6 33. Rd6+ Kg7 34. Rxa6 {Precision: Weiß = 61%, Schwarz = 67%.} 1/2-1/2